000 00764nam a22002537a 4500
003 UA-OsUOA
001 87026
007 ta
008 20120913b un ||||| |||| 00| 0 ukr d
100 _aІващенко В.
700 _aКравець Л.
090 _a821.161.2
_bІ-24
942 _cBK
040 _aUA-OsUOA
_bukr
_cUA-OsUOA
_dUA-OsUOA
245 _aЙого чекала галактика. Микола Кибальчич
_bДокументальна повість
300 _a289 с.
955 _a3
041 _aukr
080 _a821.161.2
260 _aК.
_bМолодь
_c1966
250 _nСерія "Життя славетних"
650 7 _a82 Література. Літературознавство
_2UDC
999 _c373204
_d373204